Life and Debt (Record no. 333271)
[ view plain ]
| 000 -LEADER | |
|---|---|
| fixed length control field | 00526nam a2200097Ia 4500 |
| 008 - FIXED-LENGTH DATA ELEMENTS--GENERAL INFORMATION | |
| fixed length control field | 170517s9999 xx 000 0 und d |
| 245 ## - TITLE STATEMENT | |
| Title | Life and Debt |
| 300 ## - PHYSICAL DESCRIPTION | |
| Extent | Utilizing excerpts from the award-winning non-fiction text A Small Place by Jamaica Kincaid, Life and Debt is a woven tapestry of sequences all focusing on the stories of individual Jamaicans whose strategies for survival and parameters of day-to-day existence are... |
| 650 ## - SUBJECT ADDED ENTRY--TOPICAL TERM | |
| General subdivision | Business and Economics. |
| 856 ## - ELECTRONIC LOCATION AND ACCESS | |
| Uniform Resource Identifier | <a href="http://topdocumentaryfilms.com/life-and-debt/">http://topdocumentaryfilms.com/life-and-debt/</a> |
| Withdrawn status | Lost status | Damaged status | Home library | Current library | Date acquired | Total Checkouts | Date last seen | Price effective from | Koha item type |
|---|---|---|---|---|---|---|---|---|---|
| College Library | College Library | 05/17/2017 | 05/17/2017 | 05/17/2017 | Documentary Films |